| 000 | 00410cam a2200157ua 4500 | ||
|---|---|---|---|
| 999 |
_c15395 _d15395 |
||
| 020 | _a9788189422462 | ||
| 082 |
_a635 _bPET/FR |
||
| 100 |
_aPeter, K V. _9305 |
||
| 245 | 0 | 0 | _aFruit crops / |
| 260 |
_aNew Delhi : _bNew India Publishing Agency , _c2007. |
||
| 300 | _a429 ; | ||
| 490 | 0 | _aHorticultural Science Series No. 3, | |
| 700 | 1 |
_aMathew, L . _93074 |
|
| 700 | 1 |
_aRadha, T . _93075 |
|
| 942 | _cBBS | ||